000 00457nam a2200169 a 4500
001 0000-9130
003 ELIB.Books
008 110520 1960
035 _a(ELIB.Books)0000-9282
082 _a226.9
_bMca
100 _aMcarthur, Harvey K.
245 _aUnderstanding the Sermon on the Mount
260 _bNew York: Harper and Brothers Publishers
_c1960
650 _aNew Testament
942 _2ddc
_cBK
998 _cbat
_e2011-05-20
999 _c9130
_d9130